| 000 | 00455nam a2200193Ia 4500 | ||
|---|---|---|---|
| 003 | GCL | ||
| 008 | 140319s9999 xx 000 0 eng d | ||
| 040 |
_aGCL / _cGCL |
||
| 082 | 0 | 4 |
_a751.45 _bM P |
| 100 | 1 | _aMILLICHIP, PAUL | |
| 245 | 1 | 0 |
_aPAINTING LIGHT & SHADE / _cMILLICHIP, PAUL |
| 260 |
_a[S.N] : _bB.T.BATSFORD LTD |
||
| 300 | _a127 P | ||
| 650 | 0 | 4 | _aDRAWING |
| 650 | 0 | 4 | _aARTS |
| 650 | 0 | 4 | _aPAINTING |
| 650 | 0 | 4 | _aPAINTERS |
| 942 |
_2ddc _cBK |
||
| 999 |
_c18958 _d18958 |
||